00901nam a2200241 u 450000100100000000500170001000800410002704100080006810000440007624501120012025000120023226000300024430000110027449000410028550001490032665000180047565000220049365000230051565000260053865000310056470000380059570000260063300005307120200120222749.0130215s1999 ck er 000 f spa d0 aspa1 aGoethe, Johann Wolfgang vond1749-1832.14aLas penas del joven Werther /cJohann Wolfgang Goethe ; traducción : Juan José de Narváez, Jorge Yui. a1a. ed. aBogotá :bNorma,c1999. a152 p.0 aColección la maquinaria del tiempo aEj.1 de Biblioparque Funza : colección proveniente de la antigua Biblioteca Municipal de Funza, Centro Cultural Bacatá, Funza (Cundinamarca)14aNovela adulto24aLiteratura adulto24aLiteratura alemana24aAmor en la literatura24aJóvenes en la literatura1 aNarváez, Juan Joséetraductor1 aYui, Jorgeetraductor